| 000 | 00553nam a2200217Ia 4500 | ||
|---|---|---|---|
| 003 | OSt | ||
| 005 | 20221007082538.0 | ||
| 006 | a|||||r|||| 00| 0 | ||
| 007 | ta | ||
| 008 | 221006b |||||||| |||| 00| 0 eng d | ||
| 024 | _a29,822 | ||
| 037 | _cReports / Technical Reports | ||
| 040 |
_aFLL _cFLL _beng |
||
| 041 |
_2eng _aeng |
||
| 082 | _aX:9.1.N90, N1-2 | ||
| 245 | 0 | _aLabour law documents | |
| 260 | _c1991 | ||
| 300 |
_aiii,142p _ccm. |
||
| 942 |
_hX:9.1.N90, N1-2 _cREP _2CC |
||
| 999 |
_c1166795 _d1166795 |
||